[Event "Moscow Aeroflot op-A"]
[Site "Moscow"]
[Date "2004.02.21"]
[Round "5"]
[White "Dreev, Alexey"]
[Black "Kulaots, Kaido"]
[Result "1-0"]
[WhiteElo "2682"]
[BlackElo "2530"]
[Annotator "Golod,V"]
[PlyCount "73"]
[EventDate "2004.02.17"]
[EventType "swiss"]
[EventRounds "9"]
[EventCountry "RUS"]
[SourceTitle "CBM 100"]
[Source "ChessBase"]
[SourceDate "2004.06.01"]
[SourceVersion "1"]
[SourceVersionDate "2004.06.01"]
[SourceQuality "1"]

1. d4 Nf6 2. c4 e6 3. Nc3 Bb4 4. Qc2 O-O 5. a3 Bxc3+ 6. Qxc3 b6 7. Bg5 Bb7 8.
e3 d6 9. Ne2 Nbd7 10. Qd3 ({Nowadays,less popular is:} 10. Qc2 {[%csl Re4]
[%cal Ge2c3] You can see my annotations to games: Kacheishvili,G-Polgar,J/
Batumi,1999/CBM 74(0-1)(33)}) 10... Ba6 11. Nc3 ({Is a possible continuation
of the play:} 11. b4 $5 {You can see my comments to Kasparov,G-Grischuk,A/
Rethymnon,2003/CBM 98(1-0)(63)}) ({and} 11. Qc2 c5 12. Rd1 cxd4 13. Rxd4 Qc7
14. Nc3 h6 $140 (14... Rfc8 $5) 15. Bxf6 Nxf6 16. Qa4 $14 {[%csl Ra6,Rd6]
Berkvens,J-Buss,R/Zug,2003(1-0)(62)}) 11... d5 12. Qc2 {Besides White has two
main alternatives:} (12. Qd1 Bxc4 13. Bxc4 dxc4 14. e4 $6 {[%cal Ge4e5]} (14.
Qe2 $142 {transfers to the main line.}) 14... h6 15. Bh4 e5 16. f4 (16. O-O
$143 c5 17. dxe5 Nxe5 18. Nd5 {[%cal Gf2f4]} g5 $1 19. Bg3 Re8 {=/+/-/+} ({
Of course not:} 19... Nd3 $4 20. Bc7 $1 $18 {[%csl Yd8,Rf6][%cal Gc7d8,Yd8f6,
Gd5f6]})) 16... exd4 (16... exf4 $143 17. e5 $132) 17. Qxd4 Nc5 $15 {[%csl Gc5,
Rd3][%cal Gc5d3]}) ({and} 12. b3 {Of course this move can't be the right way
to play for an advantage:} c5 13. Be2 Rc8 14. Nb5 dxc4 15. bxc4 cxd4 16. exd4
Bxb5 17. cxb5 h6 18. Bh4 Qc7 $11 {[%cal Gc7c2]}) 12... Bxc4 (12... dxc4 $143 {
This move should be checked up in the future games.} 13. Qa4 {[%csl Ga4,Ra6,
Rc4,Gf1]} ({It was badly:} 13. e4 {because of:} h6 14. Bh4 c5 15. d5 (15. e5 $2
cxd4 16. exf6 g5 $1 {[%csl Rc3,Rh4]} 17. Bg3 dxc3 18. Rd1 $1 cxb2 $17 19. Be5
$140 $2 {[%cal Ge5b2]} Nxe5 $1 {Nice sacrifice of queen. Black uses a White's
poor development!} 20. Rxd8 Rfxd8 21. Qxb2 c3 $1 22. Qxc3 $140 Rac8 23. Qa1
Bxf1 24. Kxf1 Nd3 $19 {[%csl Rc1,Rc2][%cal Gc8c1,Gc8c2]}) 15... exd5 16. Nxd5 (
16. exd5 $2 Ne5 $17 {[%csl Ya6,Rd5][%cal Ga6b7,Ge5d3]}) 16... g5 $15) 13... Qc8
14. Bxc4 Bxc4 15. Qxc4 c5 16. O-O (16. dxc5 $5 Qxc5 17. Qxc5 Nxc5 (17... bxc5
$143 18. O-O-O $14 {[%csl Rc5]}) 18. Bxf6 gxf6 19. Ke2 {with obvious
positional advantage of White in endgame}) (16. Bxf6 $5 Nxf6 17. dxc5 Qxc5 18.
Qxc5 bxc5 19. O-O-O $140 Ng4 $1 {[%csl Rf2] +/=/=}) 16... cxd4 (16... h6 $143
17. Bxf6 Nxf6 18. dxc5 Qxc5 19. Qxc5 bxc5 20. Rac1 Rfc8 21. Rc2 {[%csl Rc5]
[%cal Yf2f3,Gc3a4,Gf1c1] White has a stable advantage.}) 17. Qxd4 h6 {+/=/=})
13. Bxc4 dxc4 14. Qe2 c5 {Black had no other worthy alternative.} 15. Qxc4 h6
16. Bh4 cxd4 17. Qxd4 Nc5 $6 ({The games,which have reached this position were
continued as follows:} 17... g5 $5 18. Bg3 Nc5 19. Rd1 (19. h4 $143 Nfe4 20.
Nxe4 Qxd4 21. exd4 Nxe4 $11 {Onischuk,A-Grischuk,A/Poikovsky,2004(1/2-1/2)(25)}
) 19... Qxd4 20. Rxd4 Rfd8 21. h4 Rxd4 22. exd4 Ncd7 23. hxg5 hxg5 24. Ke2 {
+/=/= Dreev,A-Timman,J/Reykjavik,2004(1-0)(40)}) ({and} 17... Qc7 $5 18. O-O
Rfc8 19. Rfd1 Qc4 20. f3 Qxd4 21. Rxd4 Ne5 22. e4 Nh5 $11 {Van Wely,L-Ivanchuk,
V/Monte Carlo MNC,2004(1/2-1/2)(50)}) 18. Bxf6 Qxf6 19. Qxf6 gxf6 20. Ke2 $5
$146 {[%mdl 4096]} ({The same position,with rearrangement of moves,has met in
one more game:} 20. O-O-O Rfc8 21. Kb1 f5 22. Rd4 Nb3 23. Rd3 Nc5 24. Rd4 Nb3
25. Rh4 Kg7 26. Ka2 Nc5 27. Rd1 {+/=/= Ivanchuk,V-Kasparov,G/Rethymnon,2003(1/
2-1/2)(42)}) 20... Rfd8 21. Rad1 {<->d} (21. g4 $143 {[%csl Yg4,Rh6][%cal
Yg4f5]} Nd3 22. Rab1 Rd7 {<->d} (22... Ne5 $6 {[%csl Rc4][%cal Ge5c4]} 23. Rhd1
Rxd1 (23... Rac8 24. Rxd8+ Rxd8 25. Rc1 $14 {[%csl Yf2,Rg8][%cal Gc3e4,Yf2f3,
Yf3g4]}) 24. Rxd1 Nc4 25. Ne4 {[%csl Rf6][%cal Gd1d7]} Nxb2 $140 26. Rc1 $1 {
[%csl Rb2]} Kg7 27. Rc7 Rd8 28. Rxa7 $14) 23. Ne4 Kg7 24. Rhd1 Rad8 $11 {
[%csl Rb2]}) 21... Kf8 $6 (21... f5 $142 22. Rxd8+ Rxd8 {+/=/=}) 22. g4 $1 $14
{[%csl Yg4,Rh6][%cal Yg4f5] Position of White more preferably at the expense
of the best pawn chain.} Ke7 23. h4 Rxd1 24. Rxd1 Rc8 25. f4 a6 (25... Nb7 $142
26. Ne4 (26. h5 $143 Nd6 {[%csl Yd6,Re4][%cal Yd6e4,Ga7a6,Gb6b5]}) 26... f5 (
26... Nc5 $2 27. Rc1 {[%csl Rc8][%cal Gb2b4]} Rb8 28. Nf2 {[%cal Gb2b4] +/=/+/-
}) 27. gxf5 exf5 28. Nc3 $14 {[%csl Rf5]}) 26. h5 b5 $2 {Kaido Kulaots weaken
his best parking for the knight - point "c5". After this move it became almost
impossible to defend this position.} (26... Nb7 $142 {with the idea to
transfer N to point "d6".}) 27. Rc1 $1 $16 {[%csl Gc1,Rc8,Re7][%cal Gb2b4,
Gc3d5]} Kd7 28. Nd1 {[%csl Gh5][%cal Gb2b4,Gg4g5]} Ne4 29. Rxc8 Kxc8 30. Nf2
Nd6 ({Immediately loses a game the following move:} 30... Nxf2 31. Kxf2 Kd7 32.
Kf3 Ke7 33. Ke4 $18 {[%csl Ra6,Rb5,Gh5][%cal Ye4d4,Yd4c5,Gg4g5]}) 31. Kd3 Kd7
32. Ne4 Nc4 ({Hardly it was better:} 32... Ne8 33. Nc5+ Kc6 34. Nxa6 Nd6 35.
Nb4+ $19) 33. b3 $1 Nxa3 34. Nc5+ Ke7 35. Nxa6 $18 {[%csl Ra3]} e5 36. Nb4 f5
37. Nd5+ (37. Nd5+ {After this move Black resigns,because of next variant:} Kf8
(37... Ke6 38. g5 $18 {[%csl Gh5]}) 38. g5 (38. gxf5 $5) 38... Kg7 39. Ne7 e4+
40. Kd2 hxg5 41. fxg5 b4 {[%cal Ya3b5,Ya3b1,Yb1c3]} 42. Nxf5+ Kg8 43. Ne7+ Kg7
44. Nd5 Nb5 45. Nf6 Nd6 46. Ke2 Kh8 47. Kf2 $18 {[%csl Re4][%cal Gf6e4,Yf2g3,
Yg3f4]}) 1-0

[Event "Groningen Harmonie"]
[Site "Groningen"]
[Date "2003.12.24"]
[Round "4"]
[White "Gagunashvili, Merab"]
[Black "Li, Wenliang"]
[Result "1-0"]
[WhiteElo "2582"]
[BlackElo "2477"]
[Annotator "Golod,V"]
[PlyCount "107"]
[EventDate "2003.12.21"]
[EventType "tourn"]
[EventRounds "9"]
[EventCountry "NED"]
[EventCategory "10"]
[SourceTitle "CBM 099"]
[Source "ChessBase"]
[SourceDate "2004.03.30"]
[SourceVersion "1"]
[SourceVersionDate "2004.03.30"]
[SourceQuality "1"]

1. d4 Nf6 2. c4 e6 3. Nc3 Bb4 4. Qc2 O-O 5. a3 Bxc3+ 6. Qxc3 b6 7. Bg5 Bb7 8.
f3 h6 9. Bh4 d5 10. e3 Nbd7 11. Nh3 (11. cxd5 $5 {It's main line.See comments
to Kramnik,V-Naiditsch,A/Dortmund,2003/CBM 97(1/2-1/2)(Golod,V)(89)}) 11... c5
{Besides,in this position Black has another main alternative:} (11... Rc8 $5 {
You can see my annotations to game: Elbilia,J-Gershon,A/Bermuda,1999/CBM 69(1/
2-1/2)(43)}) 12. cxd5 Nxd5 ({Is a possible continuations of the play:} 12...
cxd4 $5 {You can see comments to Bareev,E-Kramnik,V/Novgorod,1997/CBM 60(1/2-1/
2)(Tsesarsky,I)(23)}) ({and} 12... exd5) 13. Bxd8 Nxc3 14. Be7 ({Leads to
favourable simplifications for Black:} 14. Bxb6 $6 axb6 15. bxc3 Ra5 $1 16. Kd2
Rfa8 $11 {[%csl Ra3] Kahn,E-Palkovi,J/Helsinki,1990(1/2-1/2)(62)}) 14... Rfe8
15. Bh4 Nd5 $8 16. Bb5 {[%csl Rd7,Re8]} g5 17. Bf2 {Also once were checked in
the preceding games:} (17. Bxd7 $5 {You can see annotations to game: Khenkin,
I-Ulibin,M/Minsk,1990/CBM 17(Ftacnik,L)(1-0)(43)}) ({and} 17. Bg3) 17... Red8 {
From my point of view,this move is better,than:} (17... N5f6 {See comments to
Gurevich,M-Adams,M/Reykjavik,1990/CBM 18(Ftacnik,L)(1/2-1/2)(39)}) 18. e4 N5f6
$5 ({In this position also once were checked the following moves:} 18... Ne7 {
;18...g4 and 18...Nc7}) 19. dxc5 $6 ({On:} 19. Rd1) ({or} 19. b4 {you can find
only one game (in each continuation)}) ({and after:} 19. O-O-O $5 {you can
find three games in Mega DataBase 2004.}) 19... Nxc5 $11 (19... bxc5 $143 20.
Rc1 $14) 20. Bxc5 $6 bxc5 21. Rc1 a6 ({Recently was checked up another
continuation:} 21... Rab8 $142 {[%csl Rb2,Rb5,Gb8]} 22. Be2 Bc8 $6 (22... Ba8
$1 {[%csl Rb2,Re1][%cal Gb8b2]} 23. Rc2 $140 Nxe4 $1 (23... Bc6 $5 {[%csl Rb2]
[%cal Gc6a4]} 24. b4 Nd7 $36 {[%csl Re1][%cal Gc6a4]}) 24. fxe4 Bxe4 {[%csl
Rc2,Rh1,Rh3][%cal Ge4c2,Ge4g2]} 25. Rc3 Rxb2 $15 {[%csl Rg2][%cal Gd8d2]}) 23.
Rc2 Bd7 24. Rd2 Ba4 (24... e5 $5 {[%csl Rh3][%cal Gd7e6]}) 25. Rxd8+ Rxd8 26.
Nf2 Rb8 27. Bd1 Bb5 $6 (27... Bxd1 $142 28. Nxd1 c4 {[%cal Gf6d7,Gd7e5]}) 28.
Kd2 $14 {Gagunashvili,M-Guido,F/Saint-Vincent,2004(1-0)(58)}) 22. Be2 Rac8 23.
Nf2 $5 $146 ({The game,which have reached this position were continued as
follows:} 23. Rc2 Rd4 24. O-O Nd7 25. Rfc1 Rb8 26. Nf2 a5 27. Rd1 Rxd1+ 28.
Nxd1 Kf8 29. Ne3 Bc6 30. Kf2 Ke7 31. Nc4 a4 {+/=/= Lerner,K-Janjgava,L/New
York,1990(1/2-1/2)(36)}) 23... Rd4 (23... Kf8 $5 {[%cal Gf8e7]}) 24. Rc2 {
[%csl Yc2][%cal Yc2d2,Yc2b2] White prepare a next moves: 0-0,Rfc1 or Rd1.} Nd7
(24... Nh5 $5 25. O-O Nf4 26. Bc4 Rcd8 {<->d}) 25. O-O a5 26. Rd1 $1 {For
White it is certainly favourable to exchange these rooks,and after this it
will be a little bit easy to reach up to Black's weaknesses on the queen side.}
Rxd1+ ({Hardly it was better:} 26... e5 $6 27. Ng4 {[%csl Rf5,Rh6][%cal Gg4h6,
Gg4e3,Ge3f5]}) 27. Nxd1 {+/=/=} Bc6 {[%csl Rc2,Rd1][%cal Gc6a4]} 28. Nc3 {
White want to save the knight from exchange.} Rb8 29. Kf2 Kf8 {It is necessary
to move the kings in the centre.} 30. Ke3 Ke7 (30... f5 $5 31. g3 Ke7 {+/=/=})
31. g3 Rb7 ({Again it deserves attention:} 31... f5 {[%cal Ye7f6,Yf6e5]}) 32.
f4 gxf4+ $5 {Unessential,but correct decision.Probably it was a little worse:}
(32... Rb8 {/\a4 or Nb6}) 33. gxf4 Rb8 34. Bc4 Nb6 35. Ba2 Nd7 ({Leads to
equal RR endgame:} 35... f5 $5 36. e5 (36. exf5 exf5 $11) 36... a4 37. Rd2 {
[%cal Gd2d6]} Nd5+ $1 38. Nxd5+ Bxd5 39. Bxd5 exd5 40. Rxd5 Rb3+ 41. Ke2 Rxb2+
42. Rd2 Rb3 $11) 36. Kd3 Rg8 37. Bb3 {[%cal Gb3a4]} Nb6 {[%csl Yb6,Yc6][%cal
Yb6a4,Yc6a4]} 38. Ke3 (38. Ne2 $2 {is refuted by:} Bb5+ 39. Ke3 a4 $1 40. Ba2
$140 Rg2 $17 {[%csl Gb5,Rc2,Gg2,Rh2]}) 38... Nd7 ({Can it was necessary to
decide on the more reliable continuation:} 38... Rd8 $5 39. Rg2 Kf6 $11 40. e5+
$140 $6 Ke7 {[%csl Rd5][%cal Gb6d5]}) 39. Ba4 $1 {For White it is certainly
favourable to exchange these bishops.} Bxa4 (39... Rc8 $143 40. Bxc6 Rxc6 41.
Na4 $14 {[%csl Rc5]}) 40. Nxa4 Rb8 $6 ({It was a much better:} 40... Kd6 $1 41.
e5+ $140 Kd5 (41... Kc6 $2 42. Nxc5 Nxc5 43. b4 axb4 44. axb4 $16 {[%csl Gb4,
Gc2,Rc5,Rc6]}) 42. Rd2+ Kc6 43. Rd6+ Kc7 44. Ra6 Rg2 45. Rxa5 Rxh2 46. Nxc5 Kb6
{[%csl Ra5,Rc5]} 47. b4 $8 (47. Nb3 $4 Rxb2 $1 $19 {[%csl Ra5,Rb3][%cal Yb3a5]}
) 47... Nxc5 48. Rxc5 Rh3+ {[%csl Ra3]} 49. Ke4 Rxa3 $11) 41. Kd3 e5 $1 {
Black had no other worthy alternative.} (41... Rc8 $2 42. Kc4 {[%csl Ra5,Rc5]
[%cal Gc4b5]}) 42. f5 $14 Rb3+ (42... Kd6 $5) 43. Rc3 Rb8 44. Rc2 Rb3+ 45. Rc3
{Sometimes it is desirable to repeat the moves.} Rb8 46. Kc4 Nf6 $6 ({More
stubborn resistance after:} 46... Kd6 47. Rh3 Rh8 48. b3 $1 {/\Nb2,Kc3,Nc4} (
48. Rb3 $5 {(/\49.Nxc5 Nxc5 50.Rb6+)} Kc6 49. Rb5 {[%csl Ra5,Rc5]} Ra8 $14 50.
Nxc5 $5 Nb6+ $140 {[%csl Rb5,Gb6,Yc4,Gc6]} 51. Rxb6+ Kxb6 52. Nd7+ Kc7 53. Nxe5
Re8 54. Kd4 (54. Kd5 Rd8+ 55. Kc4 Re8 $11) 54... Rd8+ 55. Ke3 $14) 48... Kc6
49. Nb2 Nf6 50. Nd3 {[%csl Re5,Rf7]} Nd7 51. Rg3 $14) 47. Re3 {[%csl Rc5]} Kd6
{[%csl Rb2]} 48. b3 Nd7 (48... Rc8 $2 49. Rd3+ Ke7 50. Nb6 {[%csl Ra5,Rc5]
[%cal Gb6d5] +/-/+-}) 49. Rh3 {+/=/+/-} Rg8 $2 {Painful blunder leading to
immediate loss.} ({It was necessary:} 49... Rh8 50. Nb2 {/\Kc3,Nc4 +/=/+/-})
50. Rxh6+ f6 51. Nc3 Rg2 (51... Rg4 52. Kb5 $18 {[%csl Ra5]}) (51... Rf8 $142
52. Nd5 Kc6 53. h4 $18 {[%csl Gh4]}) 52. Nd5 $18 {[%csl Rf6]} Rc2+ 53. Kb5 Rb2
54. Nxf6 {The further resistance is senseless.} (54. Nxf6 Nxf6 (54... Rxb3+
$143 55. Kc4 {[%csl Rb3,Rd6,Gh6][%cal Gf6d5,Gc4b3]}) 55. Rxf6+ {[%csl Rc5,Re5]}
Kd7 56. Kc4 $1 $18 {[%csl Ga3,Ra5,Gb3,Rc5,Ge4,Re5,Gf5][%cal Gf6e6]}) 1-0

[Event "Moscow Aeroflot op"]
[Site "Moscow"]
[Date "2002.02.09"]
[Round "7"]
[White "Turov, Maxim"]
[Black "Pogorelov, Ruslan"]
[Result "1/2-1/2"]
[WhiteElo "2563"]
[BlackElo "2460"]
[Annotator "Golod,V"]
[PlyCount "69"]
[EventDate "2002.02.04"]
[EventType "swiss"]
[EventRounds "9"]
[EventCountry "RUS"]
[SourceTitle "CBM 088"]
[Source "ChessBase"]
[SourceDate "2002.03.21"]
[SourceVersion "1"]
[SourceVersionDate "2002.03.21"]
[SourceQuality "1"]

1. d4 Nf6 2. c4 e6 3. Nc3 Bb4 4. Qc2 O-O 5. a3 Bxc3+ 6. Qxc3 b6 7. Bg5 Bb7 8.
f3 h6 9. Bh4 d5 10. cxd5 $5 {On my sight,now this continuation more promising
for white, than traditional main line:} (10. e3 $5 {See comments to Gelfand,
B-Leko,P/Wijk aan Zee,2002/CBM 87(1/2-1/2)(Golod,V)(41)}) 10... exd5 11. e3 Re8
12. Bf2 $5 {MaximTurov, as well as I, continue to trust in this position.
Besides,white has two principales moves:} (12. Be2 $6 {See comments to Llanos,
G-Zontakh,A/Budapest,1999/CBM 72(0-1)(Golod,V)(31)}) ({and} 12. Nh3 $5 {
See comments to Khatov,A-Yakovich,Y/Novgorod,1997/CBM 60(1/2-1/2)(Fritz5.00)
(36)}) 12... c5 13. Bb5 Bc6 {Comments from 13...Bc6!? to 15...Bd7 of this game,
you can find in annotations to game:Turov,M-Pelletier,Y/Kharkov,2001/CBM 83(1/
2-1/2)(Golod,V)(56)} 14. Bd3 cxd4 15. Qxd4 Bd7 16. Ne2 {/\0-0 White want at
last to finish the development.} Nc6 17. Qc3 Ne5 18. O-O ({White don't have
time on:} 18. Bc2 $2 {because of:} Rc8 19. Qb3 Rc4 $1 {[%csl Rc2][%cal Gd7a4]}
20. a4 (20. Nc3 $143 d4 $1 {[%csl Re1]}) 20... Qc8 $17) 18... Rc8 ({It
deserves attention:} 18... Qc8 19. Qd2 $140 Bf5 20. Bb5 (20. Rac1 $5) 20... Nc4
$11 {1/2-1/2 Rubinetti,J-Tempone,M/San Luis,1990(20)}) 19. Qd2 ({The repeat to
moves happened in the following game:} 19. Qd4 Nc6 20. Qh4 Ne5 21. Qd4 Nc6 22.
Qh4 Ne5 {1/2-1/2 Fochtler,E-Petran,P/Eger,1992 (22)}) 19... Nc4 $6 ({After:} 
19... Nxd3 $5 20. Qxd3 Qe7 21. Nd4 {white has a slight positional advantage.})
20. Bxc4 dxc4 21. e4 Be6 22. Qc3 $6 ({In my opinion,it was better to keep the
queens:} 22. Bd4 $5 {/\Rad1,Qc3/^a1-h8 and so on.}) 22... Nd7 $146 {[%csl Rd3]
[%cal Gd7c5,Gc5d3]} (22... Qd3 $5 {Black immediately use the previous
discrepancy of white!} 23. Nd4 {+/=/= You can see comments toTurov,M-Pelletier,
Y/Kharkov,2001/CBM 83(1/2-1/2)(Golod,V)(56)}) 23. Rfd1 ({Also it was possible
to deduce another rook on this place:} 23. Rad1) 23... Qe7 24. Rd2 $6 ({
Can be recommended:} 24. Bd4 {[%csl Gc3,Gd4,Rg7]} f6 $5 (24... f5 25. Ng3 (25.
exf5 $143 Bxf5 26. Ng3 Bd3 27. Re1 Qf7 $11) 25... fxe4 26. Nxe4 Bf5 27. Re1 $14
) (24... Qg5 $5 25. Be3 $140 Qe5 {[%csl Rc3,Ge5]}) 25. Nf4 Nc5 26. Nxe6 Nxe6
27. Be3 {+/=/=}) 24... Nc5 {[%csl Rb3,Rd3][%cal Gc5d3,Gc5b3,Gb3d2,Gb3a1]} 25.
Bxc5 Qxc5+ 26. Qd4 b5 ({Dubiously:} 26... Qxd4+ {in view of:} 27. Rxd4 {
/\Rad1,Nc3 with obvious positional advantage of white in the endgame.}) 27.
Rad1 a5 {[%cal Gb5b4] Black begin to get rid of weakness of the position: PP
chain in the queen side.} 28. Qxc5 Rxc5 29. Rd6 ({Is a possible continuation
of the play:} 29. Nd4 $5 b4 30. axb4 axb4 31. Kf2) 29... f5 $1 {[%csl Re4] It
is necessary to undermine the strong centre of white.Apparently, already now,
Ruslan Pogorelov saw a final position in this game.} 30. Nd4 Bc8 $1 $11 ({
Weakly:} 30... Kf7 {because of:} 31. Rb6 {[%csl Rb5]} Rd8 32. Kf2 {[%csl Re6]
[%cal Gd4e6]} Bc8 33. Ke3 $14) 31. Nc6 ({Leads to equality:} 31. Rd5 Rxd5 32.
exd5 Bd7 {[%csl Yd7]}) 31... fxe4 $1 32. Rd8 $140 (32. fxe4 $2 Bb7 33. Nxa5
Bxe4 $15 {[%csl Ra5]}) 32... Rxd8 33. Rxd8+ Kh7 34. Rxc8 b4 35. axb4 {After
this move Ruslan Pogorelov is agreed for draw, because of next variants:} (35.
axb4 axb4 36. Rb8 (36. fxe4 $4 c3 {[%csl Rc8][%cal Gc3c2]} 37. bxc3 bxc3 $19 {
[%csl Gc3,Rc8][%cal Gc3c2]}) (36. Na7 $4 Rxc8 37. Nxc8 c3 38. bxc3 bxc3 $19 {
[%csl Gc3][%cal Gc3c2,Gc2c1]}) 36... Rxc6 37. Rxb4 exf3 (37... e3 38. Kf1 {
[%cal Gf1e2]} c3 39. bxc3 Rxc3 40. Rb2 g5 41. Ke2 Kg6 $11) 38. gxf3 c3 39. bxc3
Rxc3 $11) 1/2-1/2